000 00763nam a2200253Ia 4500
003 OSt
005 20220928113303.0
006 a|||||r|||| 00| 0
007 ta
008 220927b |||||||| |||| 00| 0 eng d
020 _c7162.9499999999998
024 _a114435
037 _b209, 15/12/2011, Pioneer Book Distributors
_cTextual
040 _aSDCL
_cSDCL
_beng
041 _2eng
_aeng
082 _aV43'P, Q1
100 _aMurphy Anne Ed.
_9432217
245 0 _aTime,history and the religious imaginary in South Asia.
260 _aLondon
_bRoutledge
_c2011
300 _avi,209p
_ccm.
650 _aHistory
942 _hV43'P, Q1
_cTEXL
_2CC
999 _c748782
_d748782